|
|
|
|
| LEADER |
00000nab a2200000 a 4500 |
| 001 |
vtls000666340 |
| 003 |
SK-MaSNL |
| 005 |
20260304094045.0 |
| 008 |
250425c1998 xo 0 slo |
| 015 |
|
|
|a SNBRB1998/07-19667
|
| 035 |
|
|
|a CLN000018524
|
| 035 |
|
|
|a urn:nbn:sk:snk-ab1oxt
|
| 035 |
|
|
|a (urnnbn)urn:nbn:sk:snk:ar-004td3
|
| 035 |
|
|
|a (uuid)1553e58b-240d-498b-91e2-7fc4e6816f89
|
| 040 |
|
|
|a SNKBUCL
|b slo
|c SNKBUCL
|e AACR2
|
| 041 |
0 |
|
|a slo
|
| 044 |
|
|
|a xo
|c SK
|
| 080 |
|
|
|a 929.52Krieger
|2 1997
|
| 080 |
|
|
|a 61(091)
|2 1997
|
| 100 |
1 |
|
|a Bartunek, Anton,
|d 1945-
|4 aut
|9 167514
|
| 245 |
1 |
0 |
|a Prešovský lekársko-lekárnický rod Kriegerovcov
|c A. Bartunek
|
| 600 |
3 |
7 |
|a Krieger (rod)
|z Prešov (Slovensko)
|x prednášky
|x abstrakty
|2 snkbucl
|9 1390027
|
| 651 |
|
7 |
|a Prešov (Slovensko)
|2 snkbucl
|9 17347
|
| 655 |
|
7 |
|a články z novín a časopisov
|2 snkbucl
|9 267496
|
| 773 |
0 |
|
|t Farmaceutický obzor
|g Roč. 67, č. 7-8 (1998), s. 226
|x 0014-8172
|
| 850 |
|
|
|a Slovenská národná knižnica
|
| 852 |
|
|
|a Slovenská národná knižnica
|
| 954 |
|
|
|a odborná, vedecká literatúra pôvodná (slovenská)
|2 lita
|
| 958 |
|
|
|a article27
|
| 958 |
|
|
|a OND
|
| 958 |
|
|
|a SK
|
| 958 |
|
|
|a EUIPO
|
| 992 |
|
|
|a RBX
|
| 999 |
|
|
|c 2825421
|d 2827351
|